| 000 | 00422nam a2200145 4500 | ||
|---|---|---|---|
| 020 | _qPB. | ||
| 040 | _cFIZZA ISHAQ | ||
| 082 |
_a468.2421 _bHEN |
||
| 100 |
_aHendrickson, James M. _9134169 |
||
| 245 |
_aIntercambios: Spanish for Global Communication / _cJames M. Hendrickson. |
||
| 250 | _a3rd ED. | ||
| 260 |
_aLondon: _bHeinle & Heinle Publishers, _c1997. |
||
| 300 |
_a346 P. ; _c9 x 7.5 inches, |
||
| 942 |
_2ddc _cBK |
||
| 999 |
_c617118 _d617118 |
||